000
00241nam a2200097Ia 4500
001
1077727
005
20250827002321.0
008
250824s9999 xx 000 0 und d
245
0
_a
ZAMANINDA YOLCULUK
_c
DERYA DİNÇ
260
_b
BETA YAYINLARI
999
_c
1077727
_d
1077727